Aplikovanie okrasných tráv druhovej rôznorodosti v špecifikách floristiky

Škála využitia rôznych okrasných druhov rastlín a ich efektívne začleňovanie a uplatnenie v špecifických potrebách floristiky. Požiadavky pre tvorbu a aplikovanie jednotlivých floristických výstupov.

Salvato in:
Dettagli Bibliografici
Autore principale: Stričík, Michal, 1969-
Altri autori: Manová, Eva, 1957-, Melničák, Michal, 1980-
Natura: Capitolo di libro
Lingua:slovacco
Soggetti:
Tags: Aggiungi Tag
Nessun Tag, puoi essere il primo ad aggiungerne!!

MARC

LEADER 00000naa$a2200000$$$4500
001 0219981
005 20240502073623.0
041 0 |a slo 
044 |a SK 
245 1 0 |a Aplikovanie okrasných tráv druhovej rôznorodosti v špecifikách floristiky  |c Michal Stričík, Eva Manová, Michal Melničák 
520 |a Škála využitia rôznych okrasných druhov rastlín a ich efektívne začleňovanie a uplatnenie v špecifických potrebách floristiky. Požiadavky pre tvorbu a aplikovanie jednotlivých floristických výstupov. 
610 2 0 |a rastliny priemyselné 
610 2 0 |a plodiny poľné 
610 2 0 |a plodiny tropické 
610 2 0 |a prostredie životné 
610 2 0 |a využitie pôdy 
610 2 0 |a botanika 
610 2 0 |a kreativita 
100 1 |a Stričík, Michal, 1969- 
700 1 |a Manová, Eva, 1957- 
700 1 |a Melničák, Michal, 1980-